000
00295nam a22001217a 4500
008
181129b xxu||||| |||| 00| 0 eng d
041
_a
eng
080
_a
043.3
100
_a
0
101
_a
BTH-SI
245
_a
Benefitet e perdorimit te Cloud Computing ne Edukim
_c
Asllani, A
942
_2
udc
_c
BK
999
_c
52682
_d
52682